| 000 | 00546nam a2200181 i 4500 | ||
|---|---|---|---|
| 001 | 141054 | ||
| 003 | ES-MaACL | ||
| 005 | 20230906200218.0 | ||
| 007 | t| | ||
| 008 | 070919s1970 sp ||||1| spa d | ||
| 100 | 1 |
_aYourcenar, Marguerite. _9117708 |
|
| 245 | 1 | 3 |
_aEl alquimista / _cpor Marguerite Yourcenar ; [traducción de Vicente Villacampa]. |
| 250 | _a[1ª ed.]. | ||
| 260 |
_a[Barcelona] : _bPlaza & Janés, _c[1970] |
||
| 300 |
_a355 p. ; _c20 cm. |
||
| 700 | 1 |
_aVillacampa, Vicente. _9114904 |
|
| 852 |
_aES-MaACL _jC-39463 _bR.74347 |
||
| 999 |
_c141054 _d141054 |
||